Saṃskr̥ta ke mahākavi aura kāvya. (Record no. 64366)

MARC details
000 -LEADER
fixed length control field 00661cam a22002531 4500
001 - CONTROL NUMBER
control field sa 65005505
003 - CONTROL NUMBER IDENTIFIER
control field DLC
005 - DATE AND TIME OF LATEST TRANSACTION
control field 20260227112138.0
008 - FIXED-LENGTH DATA ELEMENTS--GENERAL INFORMATION
fixed length control field 890705s1965 ii b 000 0 hino
010 ## - LIBRARY OF CONGRESS CONTROL NUMBER
LC control number sa 65005505
035 ## - SYSTEM CONTROL NUMBER
System control number (OCoLC)19965050
040 ## - CATALOGING SOURCE
Original cataloging agency DLC
Transcribing agency WaU
Modifying agency DLC
042 ## - AUTHENTICATION CODE
Authentication code premarc
043 ## - GEOGRAPHIC AREA CODE
Geographic area code a-ii---
050 00 - LIBRARY OF CONGRESS CALL NUMBER
Classification number PK2916
Item number .U57
100 1# - MAIN ENTRY--PERSONAL NAME
Personal name Upadhyay, Ramji,
Dates associated with a name 1920-
245 10 - TITLE STATEMENT
Title Saṃskr̥ta ke mahākavi aura kāvya.
260 ## - PUBLICATION, DISTRIBUTION, ETC.
Date of publication, distribution, etc. 1965.
300 ## - PHYSICAL DESCRIPTION
Extent 8, 444 p.
Dimensions 23 cm.
500 ## - GENERAL NOTE
General note In Hindi.
504 ## - BIBLIOGRAPHY, ETC. NOTE
Bibliography, etc. note Bibliographical footnotes.
650 #0 - SUBJECT ADDED ENTRY--TOPICAL TERM
Topical term or geographic name entry element Sanskrit poetry
General subdivision History and criticism.
700 1# - ADDED ENTRY--PERSONAL NAME
Personal name Miśra, Rāmaprasāda.

No items available.

Powered by Koha